[Event "Sparkassen-Open A"]
[Site "Heusenstamm, Martinsee"]
[Date "2024.11.24"]
[Round "7.75"]
[White "Michalski, Uwe"]
[Black "Kürschner, Matthias"]
[Result "1-0"]
[WhiteElo "1820"]
[BlackElo "1984"]
[PlyCount "71"]
[EventDate "2024.11.21"]
[WhiteTeam "Sfr.Mainz 1928"]
[BlackTeam "SK Langen"]

1. e4 c5 2. Nf3 Nc6 3. b4 b6 4. b5 Nb8 5. d4 cxd4 6. Qxd4 e6 7. Bc4 Bb7 8. O-O Nf6 9. e5 Bc5 10. Qh4 Ne4 11. Qg4 Kf8 12. Nbd2 h5 13. Qh3 d5 14. Nxe4 dxe4 15. Ng5 Qc7 16. Bxe6 fxe6 17. Nxe6+ Ke8 18. Bg5 Qf7 19. Rad1 Be7 20. Nc7+ Kf8 21. e6 Qg6 22. Bxe7+ Kxe7 23. Nxa8 Qxe6 24. Qa3+ Kf7 25. Nc7 Qe5 26. Rd6 Rc8 27. Ne6 Rc3 28. Qb4 Bc8 29. Ng5+ Ke8 30. Rfd1 Bd7 31. R1d5 Qf4 32. Qxc3 Qc1+ 33. Rd1 Qxg5 34. Qc7 Qd8 35. Re6+ Bxe6 36. Rxd8# 1-0

[Event "Sparkassen-Open A"]
[Site "Heusenstamm, Martinsee"]
[Date "2024.11.24"]
[Round "7.76"]
[White "Nickel, Jonas"]
[Black "Faßler, Felix"]
[Result "0-1"]
[WhiteElo "1950"]
[BlackElo "1857"]
[PlyCount "82"]
[EventDate "2024.11.21"]
[WhiteTeam "Schachdrachen Büdingen-Wächtersb"]
[BlackTeam "SC Fulda"]

1. e4 c6 2. d3 d5 3. Nd2 e5 4. Ngf3 Bd6 5. c3 Nf6 6. Be2 O-O 7. O-O Re8 8. a4 a5 9. Qc2 Nbd7 10. Re1 Nf8 11. Nf1 h6 12. Ng3 Ng6 13. h3 Nf4 14. Bf1 Qc7 15. Ne2 Nxd3 16. Qxd3 dxe4 17. Qe3 exf3 18. Qxf3 e4 19. Qe3 Nd5 20. Qd4 Bf5 21. Be3 Rad8 22. Rad1 Nb4 23. Qb6 Nd3 24. Qb3 Nxe1 25. Bb6 Nf3+ 26. gxf3 Qe7 27. Bxd8 Rxd8 28. f4 e3 29. Ng3 exf2+ 30. Kxf2 Bc5+ 31. Kg2 Be4+ 32. Kh2 Bd5 33. c4 Be6 34. Qc2 Rxd1 35. Qxd1 Qf6 36. f5 Qxb2+ 37. Kh1 Qf2 38. Bg2 Bxc4 39. Ne4 Qxf5 40. Qd8+ Bf8 41. Nd6 Qd3 0-1

[Event "Sparkassen-Open A"]
[Site "Heusenstamm, Martinsee"]
[Date "2024.11.24"]
[Round "7.77"]
[White "Stuhlmann, Florian"]
[Black "Sasikumar Anitha, Sarvesh"]
[Result "1-0"]
[WhiteElo "1947"]
[BlackElo "1827"]
[PlyCount "151"]
[EventDate "2024.11.21"]
[WhiteTeam "SC Königsflügel Lindenholzhausen"]
[BlackTeam "SK 1858 Gießen"]

1. d4 d5 2. c4 e6 3. Nc3 Nf6 4. Bg5 dxc4 5. e4 Bb4 6. Bxc4 h6 7. Bxf6 Qxf6 8. Nge2 O-O 9. O-O Rd8 10. Qa4 Bxc3 11. bxc3 b6 12. Rad1 Bb7 13. Ng3 Nd7 14. Rfe1 a6 15. Qc2 c5 16. a4 Rac8 17. Qe2 cxd4 18. cxd4 Nb8 19. d5 exd5 20. Bxd5 Nc6 21. e5 Qg5 22. Qf3 Nxe5 23. Rxe5 Qxe5 24. Bxb7 Rxd1+ 25. Qxd1 Re8 26. Bxa6 Qa5 27. Bf1 Re1 28. Qd8+ Kh7 29. Qd3+ Kg8 30. Qd8+ Kh7 31. Qd3+ Kg8 32. Qb5 Ra1 33. h3 Qxa4 34. Qxb6 Qf4 35. Qd8+ Kh7 36. Qd3+ Kg8 37. Qd8+ Kh7 38. Qd3+ Kg8 39. Qe3 Qxe3 40. fxe3 Kf8 41. Kf2 Ke7 42. Bc4 Ra4 43. Bd5 Ra5 44. Be4 Ra4 45. Kf3 g6 46. Kf2 Kf6 47. Bc6 Ra6 48. Bf3 Ra2+ 49. Ne2 Ke5 50. Bc6 Kd6 51. Bb5 Ra5 52. Nd4 Ra8 53. Kf3 Ke5 54. Bc4 Rc8 55. Bb3 Rc7 56. Ke2 Rb7 57. Ba4 Rb2+ 58. Kf3 Rb7 59. Be8 Rc7 60. Bc6 Kd6 61. Kf4 Re7 62. e4 Kc5 63. Ke3 f5 64. Bd5 f4+ 65. Kd3 Ra7 66. Ne6+ Kd6 67. Nxf4 g5 68. Ng6 Ra4 69. Ke3 Ra3+ 70. Kd4 Ra5 71. Bc4 Ra1 72. e5+ Kd7 73. e6+ Kd6 74. e7 Rd1+ 75. Ke4 Re1+ 76. Kf5 1-0

[Event "Sparkassen-Open A"]
[Site "Heusenstamm, Martinsee"]
[Date "2024.11.24"]
[Round "7.78"]
[White "Merz, Leander"]
[Black "Sensoy, Emir"]
[Result "1/2-1/2"]
[WhiteElo "1935"]
[BlackElo "1778"]
[PlyCount "60"]
[EventDate "2024.11.21"]
[WhiteTeam "Schachforum Darmstadt 1994"]
[BlackTeam "MSA Zugzwang 82 e.V."]

1. e4 c5 2. Nc3 g6 3. d4 cxd4 4. Qxd4 Nf6 5. Nf3 Nc6 6. Qd3 Bg7 7. Bf4 O-O 8. Be2 d6 9. h4 h5 10. Qd2 Bg4 11. Bh6 Rc8 12. Bxg7 Kxg7 13. O-O a6 14. Rad1 Nd7 15. Nd5 Nde5 16. Ng5 b5 17. f3 Bd7 18. f4 Ng4 19. f5 Nce5 20. Qd4 f6 21. Nh3 Rxc2 22. Bxg4 hxg4 23. Nhf4 Rc4 24. Qe3 gxf5 25. exf5 Rh8 26. b3 Rc2 27. Rc1 Rc8 28. Ng6 Nxg6 29. fxg6 Rxc1 30. Re1 Kxg6 1/2-1/2

[Event "Sparkassen-Open A"]
[Site "Heusenstamm, Martinsee"]
[Date "2024.11.24"]
[Round "7.79"]
[White "Hildebrand, Azat"]
[Black "Trumpp, Lothar"]
[Result "0-1"]
[WhiteElo "1591"]
[BlackElo "1908"]
[PlyCount "88"]
[EventDate "2024.11.21"]
[WhiteTeam "TSG Oberschöneweide e.V."]
[BlackTeam "VSG 1880 Offenbach"]

1. e4 e5 2. Nf3 Nc6 3. d4 exd4 4. Bc4 d6 5. Nxd4 Nxd4 6. Qxd4 Qf6 7. Be3 Qxd4 8. Bxd4 Ne7 9. Nc3 Nc6 10. O-O-O Nxd4 11. Rxd4 c6 12. f4 Be6 13. Bxe6 fxe6 14. f5 exf5 15. exf5 d5 16. Re1+ Kf7 17. Ne2 Bc5 18. Rd3 Rhe8 19. Kd1 Re4 20. Ng3 Rxe1+ 21. Kxe1 Re8+ 22. Kf1 Re7 23. Rd2 Kf6 24. Re2 Rxe2 25. Kxe2 Bd4 26. b3 Be5 27. Nf1 Kxf5 28. Kf3 h5 29. h3 Bf4 30. a4 h4 31. Kf2 Ke4 32. Ke2 Kd4 33. Nd2 Bxd2 34. Kxd2 c5 35. c3+ Ke4 36. Ke2 d4 37. cxd4 cxd4 38. b4 d3+ 39. Kd2 Kd4 40. b5 b6 41. Kd1 Ke3 42. Ke1 d2+ 43. Kd1 g6 44. Kc2 Ke2 0-1

[Event "Sparkassen-Open A"]
[Site "Heusenstamm, Martinsee"]
[Date "2024.11.24"]
[Round "7.80"]
[White "Kretner, Georg-Ulrich"]
[Black "Kuchta, Maksim"]
[Result "1-0"]
[WhiteElo "1904"]
[BlackElo "1711"]
[PlyCount "57"]
[EventDate "2024.11.21"]
[WhiteTeam "SC Bad Nauheim"]
[BlackTeam "SC Heusenstamm"]

1. d4 Nf6 2. Nf3 g6 3. c4 d6 4. Nc3 Nbd7 5. g3 Bg7 6. Bg2 O-O 7. O-O e5 8. h3 Re8 9. e4 c6 10. Be3 Qc7 11. b4 Kh8 12. Qb3 Ng8 13. c5 Rf8 14. cxd6 Qxd6 15. dxe5 Nxe5 16. Bc5 Nxf3+ 17. Bxf3 Qd3 18. Be2 Qxc3 19. Bxf8 Bf6 20. Qxc3 Bxc3 21. Rac1 Bxh3 22. Rfd1 Be5 23. Bd6 Bg7 24. Bc5 Nf6 25. f3 Be6 26. Bc4 Nh5 27. Bxe6 fxe6 28. Kg2 Be5 29. Bd4 1-0

[Event "Sparkassen-Open A"]
[Site "Heusenstamm, Martinsee"]
[Date "2024.11.24"]
[Round "7.82"]
[White "Wilke, Jörg"]
[Black "Faulstich, Kurt"]
[Result "1-0"]
[WhiteElo "1913"]
[BlackElo "1819"]
[PlyCount "77"]
[EventDate "2024.11.21"]
[WhiteTeam "SC Matt im Park Ffm"]
[BlackTeam "SAbt Niederräder TG"]

1. d4 d5 2. c4 e6 3. Nc3 dxc4 4. e4 g6 5. Bxc4 Bg7 6. Nf3 Ne7 7. O-O O-O 8. Bg5 h6 9. Be3 a6 10. Qd2 Kh7 11. Rad1 b5 12. Bd3 c6 13. h4 Nd7 14. g4 Nf6 15. g5 Ng4 16. e5 Nxe3 17. fxe3 h5 18. Ne4 Nf5 19. Kf2 Ra7 20. Rc1 Rc7 21. Rc5 Bb7 22. Rfc1 Rd7 23. Nf6+ Bxf6 24. exf6 Qb8 25. Ne5 Rd6 26. Bxf5 exf5 27. Kg3 Kg8 28. Qf2 Qc8 29. Kf4 Qe6 30. b4 Rfd8 31. Qc2 Re8 32. Qb2 Rd5 33. Qb3 Red8 34. Rxd5 Rxd5 35. Rc5 Qe8 36. Rxd5 cxd5 37. Qc3 Bc8 38. Qc7 Be6 39. Nxg6 1-0

[Event "Sparkassen-Open A"]
[Site "Heusenstamm, Martinsee"]
[Date "2024.11.24"]
[Round "7.83"]
[White "Köhlich, Viktor"]
[Black "Karaissaridis, Christos"]
[Result "0-1"]
[WhiteElo "1816"]
[BlackElo "1911"]
[PlyCount "94"]
[EventDate "2024.11.21"]
[WhiteTeam "SC Matt im Park Ffm"]
[BlackTeam "SK 1947 Sandhausen e.V."]

1. d4 g6 2. Nf3 Nf6 3. Bf4 d6 4. h3 c6 5. e3 Bg7 6. Be2 a5 7. c4 Na6 8. O-O h5 9. Nc3 O-O 10. a3 Bd7 11. Qc2 Rc8 12. Rfd1 b5 13. cxb5 cxb5 14. Qd2 Qb6 15. Ne1 Nc7 16. Bg3 Bh6 17. Bh4 Kh8 18. Bxf6+ exf6 19. Ne4 Bg7 20. Rac1 f5 21. Nc5 Bc6 22. Ncd3 Ne6 23. Nc2 Ng5 24. b4 a4 25. f3 Qb7 26. Nf4 d5 27. Ne1 Rfe8 28. Ned3 Ne6 29. Nxe6 Rxe6 30. f4 Qb8 31. Ne5 Be8 32. Rxc8 Qxc8 33. Rc1 Qa6 34. Qc3 Kg8 35. Qc5 f6 36. Nd3 Rxe3 37. Qxd5+ Bf7 38. Qd8+ Re8 39. Qd7 Rxe2 40. Rc8+ Bf8 41. Nc5 Qb6 42. Rc6 Qb8 43. Rxf6 Re7 44. Qc6 Qxf4 45. Rxg6+ Bxg6 46. Qxg6+ Bg7 47. Ne6 Qe3+ 0-1

[Event "Sparkassen-Open A"]
[Site "Heusenstamm, Martinsee"]
[Date "2024.11.24"]
[Round "7.84"]
[White "Berberich, Christoph"]
[Black "Spelleken, Hans-Gerd"]
[Result "1-0"]
[WhiteElo "1892"]
[BlackElo "1806"]
[PlyCount "75"]
[EventDate "2024.11.21"]
[WhiteTeam "SK Freiburg-Zähringen 1887 e.V."]
[BlackTeam "SC Somborn 1933"]

1. Nf3 d5 2. e3 c5 3. d4 Nc6 4. c4 cxd4 5. exd4 e6 6. a3 a5 7. Nc3 Nf6 8. Bg5 Be7 9. Bd3 dxc4 10. Bxc4 b6 11. O-O O-O 12. Re1 Bb7 13. Qd3 h6 14. Be3 Bd6 15. Rad1 Ne7 16. Ba2 Bxf3 17. gxf3 Bb8 18. Bb1 Qd6 19. Ne4 Nxe4 20. Qxe4 Qxh2+ 21. Kf1 Nf5 22. Qxa8 Nxe3+ 23. Rxe3 Bd6 24. Qe4 g6 25. Qg4 Kg7 26. Qg2 Qh5 27. d5 exd5 28. Qg4 Qh2 29. Red3 Bc5 30. Qg2 Qe5 31. Rxd5 Qe6 32. Qg4 Qc6 33. Qc4 Qc8 34. Qc3+ Kg8 35. Rd7 Qa8 36. Qf6 Qe8 37. Bxg6 Qe6 38. Bxf7+ 1-0

[Event "Sparkassen-Open A"]
[Site "Heusenstamm, Martinsee"]
[Date "2024.11.24"]
[Round "7.85"]
[White "Gärtner, Johannes"]
[Black "Klebs, Sebastian"]
[Result "0-1"]
[WhiteElo "1777"]
[BlackElo "1871"]
[PlyCount "114"]
[EventDate "2024.11.21"]
[WhiteTeam "Sfr.Mainz 1928"]
[BlackTeam "Karlsruher SF 1853"]

1. d4 d5 2. c4 c6 3. Nf3 e6 4. Nc3 dxc4 5. e3 b5 6. a4 Bb4 7. Bd2 a5 8. b3 Bxc3 9. Bxc3 b4 10. Bb2 c3 11. Bc1 Nf6 12. Bd3 O-O 13. e4 Ba6 14. e5 Bxd3 15. exf6 Bg6 16. fxg7 Kxg7 17. h4 Qd5 18. g4 Be4 19. Rh3 Bxf3 20. Rxf3 Nd7 21. g5 c5 22. dxc5 Qxd1+ 23. Kxd1 Nxc5 24. Kc2 Rfd8 25. Be3 Rd5 26. Bxc5 Rxc5 27. Rd1 Rd5 28. Rxd5 exd5 29. Rd3 Rd8 30. h5 d4 31. f4 f6 32. Rg3 Rd5 33. h6+ Kg6 34. gxf6+ Kxf6 35. Kd3 Kf5 36. Rg5+ Ke6 37. Rg1 Rf5 38. Ke4 d3 39. Kxd3 Rxf4 40. Rg7 Rf7 41. Rg5 Ra7 42. Rc5 Kf6 43. Rc6+ Kg5 44. Rd6 Rf7 45. Ke2 Rf5 46. Ke3 Rc5 47. Rd1 Kxh6 48. Rh1+ Kg6 49. Rg1+ Rg5 50. Rd1 h5 51. Rd6+ Kf5 52. Ra6 Kg4 53. Rf6 Rc5 54. Rg6+ Kf5 55. Rg1 c2 56. Kd2 c1=Q+ 57. Rxc1 Rxc1 0-1

[Event "Sparkassen-Open A"]
[Site "Heusenstamm, Martinsee"]
[Date "2024.11.24"]
[Round "7.86"]
[White "Kirchmann, Sascha"]
[Black "Berstler, Tobias"]
[Result "1-0"]
[WhiteElo "1850"]
[BlackElo "1790"]
[PlyCount "75"]
[EventDate "2024.11.21"]
[WhiteTeam "SAbt SU Mühlheim"]
[BlackTeam "SK Bingen"]

1. e4 c6 2. d4 d5 3. e5 Bf5 4. Ne2 e6 5. Ng3 Bg6 6. h4 h6 7. h5 Bh7 8. Bd3 Bxd3 9. cxd3 Qb6 10. Be3 Qxb2 11. Nd2 Qb6 12. O-O Ne7 13. Rb1 Qc7 14. Qg4 Na6 15. f4 Qc8 16. f5 exf5 17. Nxf5 Nxf5 18. Rxf5 b6 19. Qf3 Qe6 20. Rf1 O-O-O 21. Rxf7 Kb8 22. a4 Rg8 23. Nb3 Be7 24. Bd2 Ka8 25. Qg3 g5 26. hxg6 Rde8 27. g7 c5 28. Be3 c4 29. dxc4 dxc4 30. Qf3+ Kb8 31. d5 Qg6 32. Nd4 Rxg7 33. Nc6+ Kc8 34. d6 Rxf7 35. Qxf7 Qxf7 36. Rxf7 Bxd6 37. exd6 Rxe3 38. d7+ 1-0

[Event "Sparkassen-Open A"]
[Site "Heusenstamm, Martinsee"]
[Date "2024.11.24"]
[Round "7.87"]
[White "Mehlen, Theodor"]
[Black "Shah, Shrey"]
[Result "1/2-1/2"]
[WhiteElo "1850"]
[BlackElo "1753"]
[PlyCount "92"]
[EventDate "2024.11.21"]
[WhiteTeam "SC Matt im Park Ffm"]
[BlackTeam "Amstelveen"]

1. e4 c6 2. d4 d5 3. exd5 cxd5 4. Bd3 Nc6 5. c3 Nf6 6. Bf4 Bg4 7. Qb3 Qd7 8. Nd2 e6 9. Ngf3 Bd6 10. Bxd6 Qxd6 11. O-O O-O 12. Rfe1 Ne7 13. Ne5 Bf5 14. Qc2 b5 15. Ndf3 b4 16. c4 dxc4 17. Nxc4 Qd7 18. Rad1 Rfd8 19. Qd2 Bxd3 20. Qxd3 h6 21. Rd2 Rac8 22. Ne3 Ned5 23. Nxd5 Nxd5 24. Ne5 Qe7 25. Red1 Qf6 26. g3 Qe7 27. Qf3 Qf6 28. Qxf6 Nxf6 29. f3 Nd5 30. Kf2 Nb6 31. Kf1 Kf8 32. f4 Ke7 33. Re2 g6 34. Ng4 h5 35. Ne3 Nd5 36. Nxd5+ Rxd5 37. Re5 Rcd8 38. Ke2 f6 39. Rxd5 Rxd5 40. Kd3 Kd6 41. Rc1 Ra5 42. Rc4 Rxa2 43. Rxb4 Ra1 44. Ke4 Rh1 45. h4 Re1+ 46. Kf3 Kc7 1/2-1/2

[Event "Sparkassen-Open A"]
[Site "Heusenstamm, Martinsee"]
[Date "2024.11.24"]
[Round "7.88"]
[White "Rotärmel, Leonie"]
[Black "Spelleken, Mark"]
[Result "1/2-1/2"]
[WhiteElo "1683"]
[BlackElo "1748"]
[PlyCount "99"]
[EventDate "2024.11.21"]
[WhiteTeam "SK Bad Homburg 1927"]
[BlackTeam "SC Somborn 1933"]

1. e4 c5 2. Nf3 d6 3. Bb5+ Nc6 4. c4 Bd7 5. d4 cxd4 6. Nxd4 Nf6 7. Nc3 g6 8. f3 Bg7 9. Be3 a6 10. Bxc6 bxc6 11. O-O O-O 12. Qd2 Rb8 13. b3 h5 14. Qf2 Qc7 15. Rac1 Rb7 16. Rfd1 Ra8 17. Nde2 c5 18. Nf4 e6 19. Nd3 e5 20. Nb2 a5 21. Qd2 Ra6 22. Bg5 Qb8 23. Nba4 Nh7 24. Bh4 Qf8 25. Qd5 Qb8 26. Bf2 Bh6 27. Rc2 Nf6 28. Qd3 Bf8 29. Be3 Ne8 30. Nb2 Nc7 31. Bxc5 a4 32. Be3 axb3 33. axb3 Rxb3 34. Bc1 Ra2 35. Qe2 Ra1 36. Nd5 Nxd5 37. cxd5 Qb6+ 38. Qf2 Qb5 39. Qf1 Qb7 40. Qf2 Ba4 41. Nxa4 Rxa4 42. Rb2 Ra1 43. Rxb3 Qxb3 44. Rf1 Be7 45. Qb2 Qxb2 46. Bxb2 Rxf1+ 47. Kxf1 f5 48. Ke2 fxe4 49. fxe4 g5 50. g4 1/2-1/2

[Event "Sparkassen-Open A"]
[Site "Heusenstamm, Martinsee"]
[Date "2024.11.24"]
[Round "7.89"]
[White "Kolker, Vladislav"]
[Black "Eitel, Luc"]
[Result "0-1"]
[WhiteElo "1839"]
[BlackElo "1742"]
[PlyCount "92"]
[EventDate "2024.11.21"]
[WhiteTeam "SC Bad Nauheim"]
[BlackTeam "SAbt SV Werder Bremen"]

1. e4 c5 2. Nf3 a6 3. d4 cxd4 4. Nxd4 Nf6 5. Nc3 e5 6. Nb3 Nc6 7. a3 Be7 8. Be3 O-O 9. f3 b5 10. g4 d6 11. Qd2 Be6 12. h4 Nd7 13. g5 Nc5 14. Nxc5 dxc5 15. O-O-O Nd4 16. Qf2 Qa5 17. Ne2 b4 18. Nxd4 cxd4 19. Bd2 Qa4 20. Bxb4 Bxb4 21. axb4 Qa1+ 22. Kd2 Qxb2 23. Bd3 Qxb4+ 24. Ke2 Bc4 25. h5 Rac8 26. Kf1 Bxd3+ 27. cxd3 Qb3 28. Kg2 Rc2 29. Rd2 Rfc8 30. Rhd1 a5 31. Rxc2 Rxc2 32. Rd2 Rc8 33. f4 exf4 34. Qxf4 a4 35. h6 Rc2 36. Kg3 Rxd2 37. Qxd2 Qc3 38. Qe2 a3 39. Kf4 Qb2 40. Qg4 Qb8+ 41. Kf3 a2 42. Qg1 Qb2 43. Qg4 Qc3 44. Qd7 Qxd3+ 45. Kf4 Qe3+ 46. Kf5 Qh3+ 0-1

[Event "Sparkassen-Open A"]
[Site "Heusenstamm, Martinsee"]
[Date "2024.11.24"]
[Round "7.90"]
[White "Al Luwaisi, Omer"]
[Black "Ziska, Stephan"]
[Result "0-1"]
[WhiteElo "1667"]
[BlackElo "1834"]
[PlyCount "47"]
[EventDate "2024.11.21"]
[WhiteTeam "SC ML Kastellaun"]
[BlackTeam "SF Bürstadt"]

1. e4 e6 2. d4 d5 3. Nc3 Nc6 4. e5 a6 5. Nf3 f6 6. h4 Bd7 7. h5 Nh6 8. Bxh6 gxh6 9. Qd2 Rg8 10. Bd3 f5 11. O-O-O Nb4 12. Rhg1 Bb5 13. Bxb5+ axb5 14. Kb1 c6 15. g4 Qa5 16. a3 fxg4 17. Nh2 Na6 18. Nxd5 Qa4 19. Nb6 Bb4 20. Qxh6 Qa5 21. Qxe6+ Be7 22. Qxg8+ Bf8 23. Qe6+ Be7 24. Rxg4 0-1

[Event "Sparkassen-Open A"]
[Site "Heusenstamm, Martinsee"]
[Date "2024.11.24"]
[Round "7.93"]
[White "Fettig, Michel"]
[Black "Kalepky, Helmut"]
[Result "0-1"]
[WhiteElo "1715"]
[BlackElo "1951"]
[PlyCount "134"]
[EventDate "2024.11.21"]
[WhiteTeam "SC ML Kastellaun"]
[BlackTeam "Sfr.Heidesheim"]

1. c4 c6 2. e4 d5 3. cxd5 cxd5 4. exd5 Nf6 5. Nc3 Nxd5 6. Bc4 Nb6 7. Bb3 Nc6 8. Nge2 Bf5 9. O-O e6 10. d4 Be7 11. d5 Nxd5 12. Nxd5 exd5 13. Bxd5 O-O 14. Qb3 Nb4 15. Bxb7 Rb8 16. Qf3 Bd3 17. Rd1 Be4 18. Rxd8 Rbxd8 19. Qb3 Bc2 20. Bg5 Bxb3 21. Bxe7 Nxa2 22. Bxf8 Kxf8 23. Bf3 Rd1+ 24. Rxd1 Bxd1 25. Nd4 Bxf3 26. Nxf3 Nb4 27. Kf1 Nd3 28. b3 a6 29. Nd4 Ke7 30. Ke2 Nf4+ 31. Kf3 Ne6 32. Nf5+ Kd7 33. Ke3 Kc6 34. g3 Kc5 35. Kd3 Kb4 36. Kc2 g6 37. Nd6 Nd4+ 38. Kb2 Nxb3 39. Nxf7 Nd4 40. Ne5 a5 41. Nd3+ Kc4 42. Ne5+ Kd5 43. f4 Ke4 44. Nf7 Ne6 45. Nd6+ Kf3 46. f5 gxf5 47. Nxf5 Kg2 48. h4 Kf3 49. Ka3 Nc5 50. h5 Kg4 51. Ne3+ Kxg3 52. Nd5 Kh4 53. Nf6 h6 54. Nd5 Kxh5 55. Ne3 Kg5 56. Nc4 Nb7 57. Ne3 h5 58. Ng2 h4 59. Nxh4 Kxh4 60. Ka4 Kg4 61. Ka3 Kf4 62. Ka4 Ke4 63. Ka3 Kd4 64. Ka4 Kc4 65. Ka3 Kc3 66. Ka4 Kb2 67. Kb5 Kb3 0-1

[Event "Sparkassen-Open A"]
[Site "Heusenstamm, Martinsee"]
[Date "2024.11.24"]
[Round "7.94"]
[White "Maerz, Maximilian"]
[Black "Weidemann, Max"]
[Result "1-0"]
[WhiteElo "1914"]
[BlackElo "1556"]
[PlyCount "61"]
[EventDate "2024.11.21"]
[WhiteTeam "SC Heimbach-Weis/Neuwied e.V."]
[BlackTeam "Vorw.Orient Mainz"]

1. d4 Nf6 2. c4 g6 3. Nc3 d5 4. Nf3 Bg7 5. Bg5 Ne4 6. cxd5 Nxg5 7. Nxg5 e6 8. Qa4+ c6 9. dxc6 Nxc6 10. Nf3 Bxd4 11. O-O-O e5 12. e3 Bd7 13. exd4 Nxd4 14. Qb4 a5 15. Qd6 Nxf3 16. gxf3 Qg5+ 17. Kb1 Rd8 18. Ne4 Qf5 19. Bb5 Rf8 20. Bxd7+ Rxd7 21. Qxd7+ Qxd7 22. Nf6+ Ke7 23. Nxd7 Rd8 24. Nxe5 Rc8 25. Rhe1 Kf6 26. Rd7 Kg5 27. Rxf7 h5 28. Rg1+ Kh4 29. Rg3 Rc1+ 30. Kxc1 g5 31. Ng6# 1-0

[Event "Sparkassen-Open A"]
[Site "Heusenstamm, Martinsee"]
[Date "2024.11.24"]
[Round "7.95"]
[White "Sejdovic, Cemal"]
[Black "Kuckel, Michael"]
[Result "0-1"]
[WhiteElo "1861"]
[BlackElo "1738"]
[PlyCount "98"]
[EventDate "2024.11.21"]
[WhiteTeam "SK 1959 Bischofsheim"]
[BlackTeam "SC Matt im Park Ffm"]

1. e4 c6 2. Nf3 d5 3. e5 Bg4 4. d4 e6 5. Bf4 c5 6. Be2 Nc6 7. c3 Qb6 8. b3 Bxf3 9. dxc5 Bxc5 10. Bxf3 Bxf2+ 11. Ke2 Bh4 12. g3 Be7 13. Kf1 g5 14. Bd2 Nxe5 15. Kg2 Nxf3 16. Qxf3 h5 17. Be3 Bc5 18. Bxg5 Ne7 19. Nd2 O-O-O 20. Rhf1 f5 21. c4 d4 22. a3 Rdg8 23. h4 Ng6 24. b4 Be7 25. c5 Qc6 26. Qxc6+ bxc6 27. Bxe7 Nxe7 28. Nc4 Nd5 29. Rad1 f4 30. Rf3 e5 31. Nd6+ Kd7 32. Re1 Ne3+ 33. Kh3 Rxg3+ 34. Rxg3 fxg3 35. Kxg3 Rf8 36. a4 a6 37. Ne4 Ke6 38. Rc1 Kd5 39. Ng5 d3 40. Nf3 e4 41. Nd2 Nc2 42. b5 cxb5 43. axb5 axb5 44. c6 e3 45. Nf3 Nd4 46. Nxd4 Kxd4 47. c7 Rc8 48. Kf3 d2 49. Rc6 d1=Q+ 0-1

[Event "Sparkassen-Open A"]
[Site "Heusenstamm, Martinsee"]
[Date "2024.11.24"]
[Round "7.96"]
[White "Althaus, Lennart"]
[Black "Rotermund, Verena"]
[Result "1-0"]
[WhiteElo "1711"]
[BlackElo "1818"]
[PlyCount "77"]
[EventDate "2024.11.21"]
[WhiteTeam "TV-Großostheim 1900 e.V."]
[BlackTeam "Vorw.Orient Mainz"]

1. c4 Nf6 2. Nc3 g6 3. g3 Bg7 4. Bg2 d6 5. d4 O-O 6. e3 Nc6 7. Nge2 e5 8. O-O Nh5 9. f4 exf4 10. exf4 f5 11. Be3 Nf6 12. h3 Re8 13. Qd2 a6 14. Rac1 Rb8 15. d5 Na5 16. b3 b6 17. Nd4 Bd7 18. Rfe1 Nb7 19. b4 a5 20. a3 h6 21. Nc6 Qc8 22. Nxb8 Qxb8 23. Bd4 axb4 24. axb4 Qc8 25. Rxe8+ Bxe8 26. Qe3 c5 27. dxc6 Bxc6 28. Bxc6 Qxc6 29. Qe6+ Kh7 30. Re1 Nh5 31. Bxg7 Nxg7 32. Qd5 Qd7 33. Nb5 Nh5 34. Kh2 g5 35. Qe6 Qxe6 36. Rxe6 Ng7 37. Rf6 gxf4 38. gxf4 Nd8 39. Rxd6 1-0

[Event "Sparkassen-Open A"]
[Site "Heusenstamm, Martinsee"]
[Date "2024.11.24"]
[Round "7.99"]
[White "Moldenhauer, Lennart"]
[Black "Rabiya, Karim"]
[Result "0-1"]
[WhiteElo "1784"]
[BlackElo "1778"]
[PlyCount "52"]
[EventDate "2024.11.21"]
[WhiteTeam "SV Oberursel"]
[BlackTeam "SK Niederbrechen 1948"]

1. e4 c5 2. a3 Nc6 3. b4 Nf6 4. b5 Nd4 5. c3 Ne6 6. e5 Nd5 7. Nf3 d6 8. d4 g6 9. c4 Nb6 10. d5 Nc7 11. Bb2 Bg7 12. Qd2 O-O 13. exd6 Qxd6 14. Bxg7 Kxg7 15. Nc3 Bf5 16. h3 Qf6 17. Rc1 h5 18. g4 Bxg4 19. hxg4 Qxf3 20. Rh3 Qxg4 21. Rg3 Nxc4 22. Qd3 Ne5 23. Qe3 Qd4 24. Qg5 Ng4 25. Rc2 Rad8 26. Be2 Qxf2+ 0-1

[Event "Sparkassen-Open A"]
[Site "Heusenstamm, Martinsee"]
[Date "2024.11.24"]
[Round "7.100"]
[White "Manasek, Martin"]
[Black "Gundel, Julian"]
[Result "0-1"]
[WhiteElo "1656"]
[BlackElo "1912"]
[PlyCount "120"]
[EventDate "2024.11.21"]
[WhiteTeam "SC Flörsheim 1921"]
[BlackTeam "SV Königsspringer 1929 Großauhei"]

1. d4 g6 2. Nf3 Bg7 3. e4 c6 4. c4 d5 5. exd5 cxd5 6. cxd5 Nf6 7. Bb5+ Bd7 8. Bxd7+ Qxd7 9. O-O O-O 10. Nc3 Nxd5 11. Nxd5 Qxd5 12. Re1 e6 13. Be3 Nc6 14. b3 Rfd8 15. Rc1 Nxd4 16. Nxd4 Bxd4 17. Qd2 Bxe3 18. Qxe3 Qd2 19. Qf3 Qxa2 20. Ra1 Qd2 21. h3 Qd5 22. Qe3 Qd3 23. Qc5 Rdc8 24. Qb4 b6 25. Red1 Qc3 26. Qa4 a5 27. Rab1 Rab8 28. Rdc1 Qxc1+ 29. Rxc1 Rxc1+ 30. Kh2 Rbc8 31. Qb5 R8c6 32. b4 axb4 33. Qxb4 R1c5 34. Qd4 b5 35. Qd8+ Kg7 36. Qd4+ e5 37. Qb2 Rd6 38. f4 f6 39. fxe5 fxe5 40. Qb4 Rcd5 41. Qb2 Rb6 42. Qb3 Rd7 43. Qb4 Rbb7 44. g4 Rd4 45. Qc5 Re4 46. Qc6 Re2+ 47. Kg3 Rf7 48. Qxb5 Re3+ 49. Kg2 g5 50. Qc5 Re2+ 51. Kg3 h6 52. Qb6 e4 53. Qd4+ Kh7 54. Qc3 Rf3+ 55. Qxf3 exf3 56. Kxf3 Ra2 57. Kg3 Kg6 58. Kf3 h5 59. gxh5+ Kxh5 60. Kg3 Ra3+ 0-1

[Event "Sparkassen-Open A"]
[Site "Heusenstamm, Martinsee"]
[Date "2024.11.24"]
[Round "7.101"]
[White "Henzelmann, Matthias"]
[Black "Doering, Janno"]
[Result "1-0"]
[WhiteElo "1680"]
[BlackElo "1813"]
[PlyCount "70"]
[EventDate "2024.11.21"]
[WhiteTeam "SC Heuchelheim"]
[BlackTeam "SK Bingen"]

1. d4 Nf6 2. c4 e6 3. Nf3 d5 4. Bg5 Be7 5. e3 Nbd7 6. Nc3 O-O 7. a3 c6 8. Be2 dxc4 9. Bxc4 Nd5 10. Bxe7 Qxe7 11. O-O N7b6 12. Be2 e5 13. Qc2 exd4 14. Nxd4 Nf6 15. Rfd1 Bd7 16. Rd2 Rad8 17. Rad1 Bc8 18. b4 c5 19. bxc5 Qxc5 20. Ncb5 Qxc2 21. Nxc2 Rxd2 22. Rxd2 Be6 23. Nxa7 Bd7 24. Nb5 Rc8 25. Ncd4 Ne4 26. Rc2 Bc6 27. Bf3 Bxb5 28. Rxc8+ Nxc8 29. Bxe4 Nd6 30. Bxb7 Ba4 31. Bc6 Bxc6 32. Nxc6 Kf8 33. Kf1 Ke8 34. Ke2 Kd7 35. Nd4 Kc7 1-0

[Event "Sparkassen-Open A"]
[Site "Heusenstamm, Martinsee"]
[Date "2024.11.24"]
[Round "7.102"]
[White "Henn, Jakob"]
[Black "Hebauf, Markus"]
[Result "1-0"]
[WhiteElo "1789"]
[BlackElo "1696"]
[PlyCount "41"]
[EventDate "2024.11.21"]
[WhiteTeam "SC Bad Nauheim"]
[BlackTeam "Sfr.1932 Kelkheim"]

1. e4 c5 2. Nc3 Nc6 3. g3 e6 4. Bg2 d6 5. d3 Nf6 6. Nge2 Be7 7. O-O O-O 8. h3 e5 9. f4 Rb8 10. Be3 b5 11. Qd2 Bd7 12. f5 Qc8 13. g4 Nd4 14. g5 b4 15. Nd1 Ne8 16. c3 Nxf5 17. exf5 Bxf5 18. Nf2 Qe6 19. Ng3 Bg6 20. c4 f5 21. Bd5 1-0

[Event "Sparkassen-Open A"]
[Site "Heusenstamm, Martinsee"]
[Date "2024.11.24"]
[Round "7.103"]
[White "Porstendörfer, Yannik"]
[Black "Ghaznavi, Massoud"]
[Result "0-1"]
[WhiteElo "1769"]
[BlackElo "1637"]
[PlyCount "68"]
[EventDate "2024.11.21"]
[WhiteTeam "SK 1982 Klingenberg e.V."]
[BlackTeam "SV Oberursel"]

1. d4 d5 2. Nc3 Nf6 3. Bf4 a6 4. e3 Nc6 5. a3 e6 6. g4 h6 7. Bd3 Bd6 8. Qf3 e5 9. dxe5 Bxe5 10. h3 Bxf4 11. exf4 Ne7 12. O-O-O Qd6 13. Nge2 Bd7 14. Ng3 Bc6 15. Rhe1 d4 16. Nce4 Nxe4 17. Bxe4 O-O-O 18. Nf5 Nxf5 19. Bxf5+ Kb8 20. Be4 Rhe8 21. Bxc6 Rxe1 22. Rxe1 bxc6 23. Qb3+ Ka7 24. Qxf7 Rf8 25. Qxg7 Qxf4+ 26. Kb1 Rf7 27. Qh8 Qxf2 28. Re8 Qf1+ 29. Re1 Qxe1+ 30. Ka2 Qe6+ 31. b3 c5 32. Qd8 Rd7 33. Qf8 Qd6 34. Qf5 d3 0-1